000 00475nam a2200181Ia 4500
001 9553
005 20260306161727.0
008 260306t1991||||xx |||||||||||||| ||spa||
041 _aESP
082 _a382.09246
_bB95
100 _aBustos Rodríguez, Manuel
_eAUT
245 0 _aBurguesía de negocios y capitalismo en Cadiz:
_blos colarte (1650-1750)
260 _c1991
300 _a223 páginas :
_c21 cm.
650 _aGEN
654 _aCAN
942 _cLIB
_dJUS
_fJUS
_2ddc
_n
999 _c9553
_d9553